| 000 | 00432cam a2200169ua 4500 | ||
|---|---|---|---|
| 020 | _c90.00 | ||
| 041 |
_aeng _h |
||
| 082 |
_a658.562 _bKHA/ST |
||
| 100 | _aKhanna, O.P. | ||
| 245 |
_aStatistical quality control / _cO.P Khanna. _hTextual Documents |
||
| 260 |
_aNew Delhi : _bDhanpat Rai Publishing Co. Pvt. Ltd. , _c2001. |
||
| 300 |
_a ; _e`. |
||
| 365 | _a90.00 | ||
| 504 | _a | ||
| 942 | _cBK | ||
| 999 |
_c13047 _d13047 |
||